LIBRARY & INFORMATION CENTRE, KCAET, TAVANUR

ONLINE PUBLIC ACCESS CATALOGUE (OPAC)

Mastering turbo C / (Record no. 2972)

MARC details
000 -LEADER
fixed length control field 00464cam a2200193ua 4500
041 ## - LANGUAGE CODE
Language code of text/sound track or separate title eng
082 ## - DEWEY DECIMAL CLASSIFICATION NUMBER
Classification number 005.133
Item number BOO/MA
100 ## - MAIN ENTRY--AUTHOR NAME
Personal name Bootle, Stan Kelly .
245 ## - TITLE STATEMENT
Title Mastering turbo C /
250 ## - EDITION STATEMENT
Edition statement 1 /
260 ## - PUBLICATION, DISTRIBUTION, ETC. (IMPRINT)
Place of publication New Delhi :
Name of publisher BPB Publications ,
Year of publication 1993.
300 ## - PHYSICAL DESCRIPTION
Number of Pages 578 ; .
500 ## - GENERAL NOTE
General note *CSS
942 ## - ADDED ENTRY ELEMENTS (KOHA)
Koha item type Books
Holdings
Withdrawn status Lost status Damaged status Home library Current library Shelving location Date acquired Full call number Accession Number Koha item type
      KAUAET KAUAET Scheme 23/07/2018 005.133 BOO/MA 18976 Book Bank scheme for SC students
free website counter